000 nam a22 4500
999 _c9062
_d9062
008 180410b ||||| |||| 00| 0 eng d
245 _aBangko Sentral ng Pilipinas reports financial inclusion accomplishments in 2016.
260 _aPhilippines
_bManila Bulletin
_cc2017
300 _apage B-5.
650 0 _927199
_aFinance.
942 _2ddc
_cPER